Most Played League of Legends Mid Lane Champions at Worlds - Statistics

General Stats
  • This quiz has been taken 19 times
  • The average score is 6 of 10
Answer Stats
Games Champion % Correct
149 Azir
93%
97 Ahri
79%
264 Orianna
79%
223 Syndra
79%
110 Galio
71%
110 Akali
57%
179 Ryze
57%
130 LeBlanc
50%
91 Twisted Fate
36%
129 Sylas
29%
No matching quizzes found
Score Distribution
Percent of People with Each Score
Percentile by Number Answered
Your Score History
You have not taken this quiz